000 00365nam a2200157Ia 4500
008 230524s9999 xx 000 0 und d
082 _a621.3821
_bBOT
100 _aK.R.Botkar
245 0 _aIntegrated Circuits
250 _a9TH
260 _aNEW DELHI
_bKhanna
_c2001
300 _a1060
500 _aQuantity Number: 2
650 _aElectronics
942 _cBK
999 _c14461
_d14461